Možnosti ochrany ovzduší a vod aktivní strukturální politikou.

ČSFR stojí pred ekologickou katastrófou. Hlavné príčiny: znečisťovanie ovzdušia a vôd. Skúmanie jednej z najvýznamnejších ciest ochrany ovzdušia a vôd - štruktúrnej politiky. Hlavné cesty pre ozdravovanie ovzdušia: štruktúrne odľahčenie čs. ekonomiky a racionalizácia spotreby energie, zmeny v palivo...

ver descrição completa

Na minha lista:
Detalhes bibliográficos
Autor principal: Zeman, J.
Formato: Capítulo de Livro
Idioma:tcheco
Assuntos:
Tags: Adicionar Tag
Sem tags, seja o primeiro a adicionar uma tag!

MARC

LEADER 00000naa a2200000 4500
001 r005597
005 20221125080634.8
041 0 |a cze 
044 |a [CS] 
245 1 0 |a Možnosti ochrany ovzduší a vod aktivní strukturální politikou.  |c J. Zeman 
520 |a ČSFR stojí pred ekologickou katastrófou. Hlavné príčiny: znečisťovanie ovzdušia a vôd. Skúmanie jednej z najvýznamnejších ciest ochrany ovzdušia a vôd - štruktúrnej politiky. Hlavné cesty pre ozdravovanie ovzdušia: štruktúrne odľahčenie čs. ekonomiky a racionalizácia spotreby energie, zmeny v palivovo-energetickom komplexe a v doprave. Hlavné cesty ozdravovania vôd. 
610 2 0 |a znečistenie ovzdušia 
610 2 0 |a znečistenie vôd 
610 2 0 |a zmeny štruktúrne 
610 2 0 |a ČSFR 
610 2 0 |a spotreba energie 
610 2 0 |a politika hospodárska 
610 2 0 |a ochrana prírody 
610 2 0 |a ekológia 
100 1 |a Zeman, J.